漢字表記から国名 - Statistics

General Stats
  • This quiz has been taken 43 times
  • The average score is 38 of 92
Answer Stats
% Correct
加奈陀 カナダ
89%
以太利 イタリア
86%
仏蘭西 フランス
83%
英吉利 イギリス
83%
独逸 ドイツ
81%
馬浜 バハマ
78%
土耳古 トルコ
75%
利比亜 リビア
75%
タイ
72%
利比利亜 リベリア
72%
玖馬 キューバ
69%
巴奈馬 パナマ
69%
魯西亜 ロシア
69%
智利 チリ
67%
摩洛哥 モロッコ
64%
濠太刺利 オーストラリア
64%
愛蘭 アイルランド
64%
土弥尼加 ドミニカ
61%
越南 ベトナム
61%
阿富汗斯坦 アフガニスタン
61%
墺地利 オーストリア
58%
海地 ハイチ
56%
米利堅 アメリカ
56%
墨西哥 メキシコ
53%
比律賓 フィリピン
53%
波蘭 ポーランド
53%
亜美尼亜 アルメニア
50%
巴基斯坦 パキスタン
50%
馬達加斯加 マダガスカル
50%
象牙海岸 コートジボワール
50%
毛里求斯 モーリシャス
47%
不丹 ブータン
47%
西班牙 スペイン
47%
匈牙利 ハンガリー
44%
宇柳貝 ウルグアイ
44%
希臘 ギリシャ
44%
捏巴爾 ネパール
44%
越日於比亜 エチオピア
44%
新西蘭 ニュージーランド
44%
瑞西 スイス
44%
摩納哥 モナコ
42%
瑞典 スウェーデン
42%
馬来西亜 マレーシア
42%
葡萄牙 ポルトガル
42%
埃及 エジプト
42%
星港 シンガポール
39%
亜爾然丁 アルゼンチン
39%
秘魯 ペルー
36%
巴拉圭 パラグアイ
36%
哥倫比亜 コロンビア
36%
白耳義 ベルギー
36%
羅馬尼 ルーマニア
36%
莫三鼻給 モザンビーク
36%
丁抹 デンマーク
36%
義蘭 イラン
36%
黎巴嫩 レバノン
36%
幾内亜 ギニア
36%
伯刺西爾 ブラジル
36%
阿曼 オマーン
33%
芬蘭 フィンランド
33%
勃牙利 ブルガリア
33%
尼喀拉瓜 ニカラグア
33%
洪都拉斯 ホンジュラス
31%
和地関 バチカン
31%
蘇丹 スーダン
31%
愛撒倫 アイスランド
31%
叙利亜 シリア
28%
烏克蘭 ウクライナ
28%
呉呂茶 クロアチア
28%
老檛 ラオス
25%
委内瑞拉 ベネズエラ
22%
突尼斯 チュニジア
22%
牙買加 ジャマイカ
22%
緬甸 ミャンマー
22%
諾威 ノルウェー
22%
阿爾及 アルジェリア
22%
科威都 クウェート
19%
柬埔寨 カンボジア
19%
荷蘭 オランダ
19%
以色列 イスラエル
19%
捷克 チェコ
17%
巴勒斯旦 パレスチナ
17%
也門 イエメン
17%
玻里非 ボリビア
17%
莫臥児 モンゴル
14%
公額 コンゴ
14%
塞爾維 セルビア
14%
厄瓜多 エクアドル
8%
錫蘭 スリランカ
8%
応帝亜 インド
8%
盧森堡 ルクセンブルク
6%
孟加拉 バングラデシュ
6%
No matching quizzes found
Score Distribution
Percent of People with Each Score
Percentile by Number Answered
Your Score History
You have not taken this quiz